| 000 | 01026nam a2200241 i 4500 | ||
|---|---|---|---|
| 001 | 186065 | ||
| 003 | ES-MaACL | ||
| 005 | 20240418194340.0 | ||
| 008 | 160906s1966 sp |||| |dspa d | ||
| 245 | 0 | 0 |
_aTres aspectos de la literatura norteamericana : _b(humoristas, la novela corta, pequeñas revistas) / _c[traducción, Angela Figuera]. |
| 260 |
_aMadrid : _bGredos, _c1966. |
||
| 300 |
_a157 p. ; _c18 cm. |
||
| 490 | 1 |
_aTres escritores norteamericanos ; _v9 |
|
| 505 | 8 |
_aContiene: ; _tHumoristas americanos / _rpor Willard Thorp. -- _tLa novela corta en América / _rpor Danforth Ross. -- _tLas pequeñas revistas / _rpor Reed Whitemore |
|
| 650 | 4 |
_aLiteratura norteamericana- _xHistoria y crítica. _914643 |
|
| 700 | 0 |
_aFiguera Aymerich, Angela, _d1902-1984 _950755 |
|
| 700 | 1 |
_aThorp, Willard. _9110153 |
|
| 700 | 1 |
_aRoss, Danforth. _9160750 |
|
| 700 | 1 |
_aWhitermore, Reed. _9160751 |
|
| 830 | 0 |
_aTres escritores norteamericanos ; _v9 _9192479 |
|
| 852 |
_aES-MaACL _jE-4858 |
||
| 999 |
_c186065 _d186065 |
||